Diffuzia èksitonov i perenos ènergii k molekulam promesi

Elmentve itt :
Bibliográfiai részletek
Szerző: Galanin M. D.
Dokumentumtípus: Cikk
Megjelent: 1977
Sorozat:Acta physica et chemica 23 No. 1
Kulcsszavak:Természettudomány, Kémia, Fizika
Online Access:http://acta.bibl.u-szeged.hu/23991
LEADER 00642nab a2200181 i 4500
001 acta23991
005 20210601140939.0
008 161017s1977 hu o 0|| rus d
022 |a 0001-6721 
040 |a SZTE Egyetemi Kiadványok Repozitórium  |b hun 
041 |a rus 
100 1 |a Galanin M. D. 
245 1 0 |a Diffuzia èksitonov i perenos ènergii k molekulam promesi  |h [elektronikus dokumentum] /  |c  Galanin M. D. 
260 |c 1977 
300 |a 83-88 
490 0 |a Acta physica et chemica  |v 23 No. 1 
695 |a Természettudomány, Kémia, Fizika 
856 4 0 |u http://acta.bibl.u-szeged.hu/23991/1/phys_chem_023_fasc_001_083-088.pdf  |z Dokumentum-elérés